Техническая экспертиза и обследование энергетического оборудования: электронный курс

Bibliographische Detailangaben
1. Verfasser: Лебедев Б. В. Борис Владимирович
Körperschaft: Национальный исследовательский Томский политехнический университет (ТПУ) Энергетический институт (ЭНИН) Кафедра парогенераторостроения и парогенераторных установок (ПГС и ПГУ)
Zusammenfassung:Заглавие с экрана
В курсе рассматриваются вопросы обеспечения промышленной безопасности предупреждения аварий и инцидентов на объектах на которых используется оборудование под давлением. Рассматривается установка размещение и обвязка такого оборудования с последующим контролем на основании документации разработанной специализированными организации с учетом требований законодательства в области промышленной безопасности. Также в курсе уделено внимание взаимосвязи рабочих процессов в топочных устройствах, испарительных контурах, элементах для подогрева воды и воздуха.
Доступ по логину и паролю
Sprache:Russisch
Veröffentlicht: Томск, TPU Moodle, 2014
Schlagworte:
Online-Zugang:https://design.lms.tpu.ru/course/view.php?id=143
Format: MixedMaterials Elektronisch Buch
KOHA link:https://koha.lib.tpu.ru/cgi-bin/koha/opac-detail.pl?biblionumber=651686

MARC

LEADER 00000nlm0a2200000 4500
001 651686
005 20231102025816.0
035 |a (RuTPU)RU\TPU\network\16935 
035 |a RU\TPU\network\16934 
090 |a 651686 
100 |a 20161118d2014 m y0rusy50 ca 
101 0 |a rus 
102 |a RU 
105 |a a j 000zy 
135 |a jrcn ---uucaa 
181 0 |a i  
182 0 |a b 
200 1 |a Техническая экспертиза и обследование энергетического оборудования  |e электронный курс  |f Б. В. Лебедев  |g Национальный исследовательский Томский политехнический университет (ТПУ), Энергетический институт (ЭНИН), Кафедра парогенераторостроения и парогенераторных установок (ПГС и ПГУ) 
203 |a Текст  |c электронный 
210 |a Томск  |c TPU Moodle  |d 2014 
230 |a Электрон. дан. 
300 |a Заглавие с экрана 
330 |a В курсе рассматриваются вопросы обеспечения промышленной безопасности предупреждения аварий и инцидентов на объектах на которых используется оборудование под давлением. Рассматривается установка размещение и обвязка такого оборудования с последующим контролем на основании документации разработанной специализированными организации с учетом требований законодательства в области промышленной безопасности. Также в курсе уделено внимание взаимосвязи рабочих процессов в топочных устройствах, испарительных контурах, элементах для подогрева воды и воздуха. 
333 |a Доступ по логину и паролю 
606 1 |a Промышленное оборудование  |x Экспертиза  |2 stltpush  |3 (RuTPU)RU\TPU\subj\74406  |9 86704 
610 1 |a электронный ресурс 
610 1 |a труды учёных ТПУ 
610 1 |a электронное обучение 
610 1 |a электронные курсы ТПУ 
610 1 |a котлы 
610 1 |a обоснование под давлением 
610 1 |a промышленная безопасность 
610 1 |a техническое диагностирование 
610 1 |a энергетическое топливо 
610 1 |a топочные камеры 
610 1 |a экономайзеры 
610 1 |a воздухоподогреватели 
610 1 |a электронные учебные пособия 
610 1 |a учебные пособия 
675 |a 658.274(075.8)  |v 3 
700 1 |a Лебедев  |b Б. В.  |c специалист в области теплоэнергетики  |c доцент Томского политехнического университета, кандидат технических наук  |f 1961-  |g Борис Владимирович  |2 stltpush  |3 (RuTPU)RU\TPU\pers\25901 
712 0 2 |a Национальный исследовательский Томский политехнический университет (ТПУ)  |b Энергетический институт (ЭНИН)  |b Кафедра парогенераторостроения и парогенераторных установок (ПГС и ПГУ)  |h 120  |2 stltpush  |3 (RuTPU)RU\TPU\col\18681 
801 2 |a RU  |b 63413507  |c 20220111  |g RCR 
856 4 |u https://design.lms.tpu.ru/course/view.php?id=143 
942 |c CF